mysqli: Table './ulib62015/stat_globaluid' is marked as crashed and should be repaired
select id from stat_globaluid where statuid='20260518035409_1826'
mysqli: Table './ulib62015/stat_globaluid' is marked as crashed and should be repaired
DELETE FROM stat_globaluid
WHERE id NOT IN (
SELECT id
FROM (
SELECT id
FROM stat_globaluid
ORDER BY id DESC
LIMIT 100
) foo
);
mysqli: Table './ulib62015/stat_globaluid' is marked as crashed and should be repaired
insert into stat_globaluid set
statuid='20260518035409_1826',
dt='1779051249',
phpself='/ULIB62015/dublinfull.php',
agent='Mozilla/5.0 AppleWebKit/537.36 (KHTML, like Gecko; compatible; ClaudeBot/1.0; +claudebot@anthropic.com)',
yea='2026',
mon='5',
dat='18',
ip='216.73.216.45'
mysqli: Table './ulib62015/stathist_viewbib_bib_type' is marked as crashed and should be repaired
insert into stathist_viewbib_bib_type set
dat='18' ,
mon='05' ,
yea='2026' ,
statuid='20260518035409_1826' ,
head='13399121813' ,
foot='marc' ,
dt='1779051249'
| LEADER : 00000nam 2200000uu 4500 |
| 001 13399121813 |
| 003 ULIB |
| 008 170216s2558||||th 000 0 tha d |
| 020 ^a9786163014559
|
| 050 04 ^aBQ4190^bญ231ม 2558
|
| 100 0 ^aญาณวีโร ภิกขุ
|
| 245 10 ^aเมื่อใจข้างในเปลี่ยน โลกข้างนอกก็เปลี่ยนตาม /^cญาณวีโร ภิกขุ
|
| 260 ^aกรุงเทพฯ :^bนานา,^c2558.
|
| 300 ^a143 หน้า :^bภาพประกอบ ;^c21 ซม.
|
| 650 4 ^aธรรมะ
|
| 650 4 ^aธรรมะกับชีวิตประจำวัน
|
| 650 4 ^aพุทธศาสนา^xคำสั่งสอน
|
| 945 ^p130^l0^i024672
|
| 945 ^p130^l0^i024673
|
| 945 ^p130^l0^i024674
|
| 945 ^p130^l0^i024675
|
| 945 ^p130^l0^i024676 |
| 999 ^a57066
|
| คุณยังไม่ได้ล็อกอิน คุณสามารถมีกิจกรรมร่วมกับเว็บไซต์ได้ แต่ต้องล็อกอินก่อน :: |
|
|
|
| ลำดับที่ |
ประเภท |
เลขเรียก/บาร์โค้ด |
สถานที่ |
สถานะ |
| 1. |
 หนังสือ | BQ4190 ญ231ม 2558 ฉ.1 Barcode: 024672 | หนังสือทั่วไป | บนชั้น ขอยืม |
| Note:งบประมาณ2559 |
| 2. |
 หนังสือ | BQ4190 ญ231ม 2558 ฉ.2 Barcode: 024673 | หนังสือทั่วไป | บนชั้น ขอยืม |
| Note:งบประมาณ2559 |
| 3. |
 หนังสือ | BQ4190 ญ231ม 2558 ฉ.3 Barcode: 024674 | หนังสือทั่วไป | บนชั้น ขอยืม |
| Note:งบประมาณ2559 |
| 4. |
 หนังสือ | BQ4190 ญ231ม 2558 ฉ.4 Barcode: 024675 | หนังสือทั่วไป | บนชั้น ขอยืม |
| Note:งบประมาณ2559 |
| 5. |
 หนังสือ | BQ4190 ญ231ม 2558 ฉ.5 Barcode: 024676 | หนังสือทั่วไป | บนชั้น ขอยืม |
| Note:งบประมาณ2559 |
รายการใกล้เคียง
หัวเรื่อง [ธรรมะ] หัวเรื่อง [ธรรมะกับชีวิตประจำวัน]
|
|
ยังไม่เคยถูกคอมเมนท์
|
| คอมเมนท์ทรัพยากรรายการนี้ |
|